000 00904nam a2200265Ia 4500
003 OSt
005 20221005071311.0
006 a|||||r|||| 00| 0
007 ta
008 221004b |||||||| |||| 00| 0 eng d
020 _a9788173055942 (hbk)
_cINR 1950.00
024 _a44527
037 _b3870, 16/01/2019, Govinda Book House
_cTextual
040 _aCRL
_cCRL
_beng
041 _2eng
_aeng
082 _aV2:71, Q8
100 _aChakrabarti Dilip K. Au.
_9606355
245 0 _aBorderlands and boundaries of the Indian subcontinent
_b Baluchistan to the patkai range and Arakan Yoma
260 _aNew Delhi
_bAryan Books International India
_c2018
300 _axix,232p.
_ccm.
650 _a INDIA - HISTORY
650 _aARCHEOLOGY - DELHI
_9586029
942 _hV2:71, Q8
_cTEXL
_2cc
999 _c977622
_d977622